Machine Learning and Data Science Blueprints

Saved in:
Bibliographic Details
Main Author: Hariom Tatsat
Format: Book
Published: shroff
Subjects:
Tags: Add Tag
No Tags, Be the first to tag this record!

MARC

LEADER 00000nam a2200000Ia 4500
005 20260427112656.0
526 |b FinTech 
100 |a Hariom Tatsat 
020 |a 9781492073055 
650 |a ML Finance 
526 |a Masters 
942 |c BK 
245 |a Machine Learning and Data Science Blueprints 
260 |b shroff 
999 |c 46  |d 46 
952 |0 0  |1 0  |4 0  |7 0  |8 3  |a BRISTOL  |b BRISTOL  |d 2026-04-22  |l 0  |p 000111  |r 2026-04-27 11:26:56  |w 2026-04-27  |y BK